BIBLIOTECA

SENCICO

Biblioteca de Cocinas y Baños: Planimetría y diseños de Baños (Registro nro. 1402)

Detalles MARC
000 -LEADER
fixed length control field 00904nam a2200241Ia 4500
005 - DATE AND TIME OF LATEST TRANSACTION
control field 20251020182510.0
008 - FIXED-LENGTH DATA ELEMENTS--GENERAL INFORMATION
fixed length control field 200515s9999 xx 000 0 und d
082 ## - DEWEY DECIMAL CLASSIFICATION NUMBER
Classification number 645.683/E24
110 ## - MAIN ENTRY--CORPORATE NAME
Corporate name or jurisdiction name as entry element Ediciones Daly
245 #0 - TITLE STATEMENT
Title Biblioteca de Cocinas y Baños: Planimetría y diseños de Baños
260 ## - PUBLICATION, DISTRIBUTION, ETC.
Place of publication, distribution, etc. Córdova
260 ## - PUBLICATION, DISTRIBUTION, ETC.
Name of publisher, distributor, etc. Ediciones Daly
260 ## - PUBLICATION, DISTRIBUTION, ETC.
Date of publication, distribution, etc. 1991
300 ## - PHYSICAL DESCRIPTION
Extent 120 p.
300 ## - PHYSICAL DESCRIPTION
Other physical details il., graf., fot., col.
490 ## - SERIES STATEMENT
Series statement Bibliotecas Monográficas Daly de la Construcción Serie: Cocinas y Baños
500 ## - GENERAL NOTE
General note 1 ejemplar
520 ## - SUMMARY, ETC.
Summary, etc. Se consideran las planimetrías mas usadas para las cocinas de chalet y apartamentos. En él se hace un estudio de distribución y planeamiento de acuerdo a la superficie que se puede dedicar a la misma, y a la forma mas idónea para el espacio de que se disp
650 ## - SUBJECT ADDED ENTRY--TOPICAL TERM
Topical term or geographic name entry element BAÑOS
650 ## - SUBJECT ADDED ENTRY--TOPICAL TERM
Topical term or geographic name entry element COCINAS
650 ## - SUBJECT ADDED ENTRY--TOPICAL TERM
Topical term or geographic name entry element PLANIMETRIA
942 ## - ADDED ENTRY ELEMENTS (KOHA)
Koha item type Libros
Existencias
Fecha de la última vez que lo usaron Pago total Signatura topográfica completa Código de barras Precio efectivo desde Tipo de documento Estado perdido Estado dañado No es para préstamo Retirado Ubicación permanente Ubicación actual Fecha de adquisición
15/05/2020   645.683/E24 Bib-Lima15051402 15/05/2020 Libros         Biblioteca Central Lima Biblioteca Central Lima 15/05/2020